Países por continente - Statistics

Estatísticas Gerais
  • Esse quiz foi jogado 565 vezes
  • A pontuação média é 68 de 80
Estatísticas das Respostas
Questão Bloco Select % Correto
América Central Dinamarca Não
96%
América Central Colômbia Não
94%
América Central Nauru Não
94%
América Central Canadá Não
93%
América do Sul e América do Norte Holanda Não
93%
América Central Palau Não
93%
América do Sul e América do Norte Portugal Não
93%
América do Sul e América do Norte Reino Unido Não
93%
América Central Tuvalu Não
93%
África e Oceania Equador Não
92%
África e Oceania Chile Não
91%
América Central El Salvador Sim
91%
América Central EUA Não
91%
Europa África do Sul Não
90%
Ásia Alemanha Não
90%
Europa Brasil Não
90%
América Central Guatemala Sim
90%
América Central Nicarágua Sim
90%
América do Sul e América do Norte Brasil Sim
89%
Europa Cabo Verde Não
89%
Europa Djibuti Não
89%
Europa Namíbia Não
89%
Ásia Polônia Não
89%
Europa Bolívia Não
88%
Ásia Eslováquia Não
88%
Ásia Eslovênia Não
88%
Europa Espanha Sim
88%
Ásia Estônia Não
88%
Europa França Sim
88%
Europa Somália Não
88%
América do Sul e América do Norte Chile Sim
87%
América do Sul e América do Norte Colômbia Sim
87%
América Central Costa Rica Sim
87%
América do Sul e América do Norte EUA Sim
87%
América Central Panamá Sim
87%
Europa Portugal Sim
87%
América do Sul e América do Norte Uruguai Sim
87%
Europa Argélia Não
86%
América do Sul e América do Norte Argentina Sim
86%
América do Sul e América do Norte Bolívia Sim
86%
África e Oceania Bósnia e Herzegovina Não
86%
América do Sul e América do Norte Equador Sim
86%
Europa Itália Sim
86%
Ásia Letônia Não
86%
América do Sul e América do Norte Paraguai Sim
86%
América do Sul e América do Norte Peru Sim
86%
Europa Polônia Sim
86%
Europa Suécia Sim
86%
Europa Dinamarca Sim
85%
Europa Finlândia Sim
85%
Ásia Lituânia Não
85%
Ásia China Sim
84%
África e Oceania Egito Sim
84%
Ásia Índia Sim
84%
Ásia Japão Sim
84%
África e Oceania Turquia Não
84%
América do Sul e América do Norte Canadá Sim
83%
África e Oceania Madagascar Sim
83%
África e Oceania Marrocos Sim
83%
América Central República Dominicana Sim
83%
África e Oceania Israel Não
82%
África e Oceania Gana Sim
81%
África e Oceania Tanzânia Sim
81%
África e Oceania Palau Sim
80%
Ásia Cazaquistão Sim
79%
Ásia Mongólia Sim
78%
África e Oceania Tuvalu Sim
78%
África e Oceania Antígua e Barbuda Não
76%
América Central Dominica Sim
76%
África e Oceania Jordânia Não
76%
África e Oceania Mali Sim
76%
América do Sul e América do Norte México Sim
76%
América do Sul e América do Norte Panamá Não
76%
África e Oceania Tunísia Sim
76%
Ásia República Popular Democrática da Coreia Sim
75%
América Central Santa Lúcia Sim
73%
América Central México Não
72%
Ásia Birmânia Sim
66%
Ásia Turquia Sim
66%
Ásia Timor Leste Sim
65%
Nenhum quiz correspondente encontrado
Distribuição das Pontuações
Porcentagem de Pessoas com Cada Pontuação
Percentil de Números Respondidos
Sua Pontuação Histórica
Você não jogou esse quiz